000 00521nam a2200205Ia 4500
005 20240423095745.0
008 131103s9999 xx 000 0 und d
020 _a0 602 20992 7
040 _aLoreto College
041 _aEnglish
082 _a425
_bRID
100 _aRidout, Ronald
245 _aAll about english words
_b word perfect
_cRonald Ridout
260 _aBritain
_bGinn
_c1977
300 _avi,201p.
_b ill.
504 _aIncludes index
650 _aEnglish grammar
850 _aLCBED
942 _cBK
999 _c28342
_d78821